[Event "Plzen, FSB A"]
[Site "?"]
[Date "2001.??.??"]
[Round "6.11"]
[White "Rodkin, R."]
[Black "Hrbolka jr., L."]
[Result "0-1"]
[WhiteElo "2314"]
[BlackElo "2197"]
[PlyCount "112"]
[EventDate "2000.??.??"]
[Source "ChessBase"]
[SourceDate "1996.11.15"]

1. d4 Nf6 2. Nf3 g6 3. c4 Bg7 4. Nc3 O-O 5. e4 d6 6. Be2 e5 7. O-O Na6 8. Re1
Qe8 9. Bf1 Bg4 10. d5 Nh5 11. h3 Bd7 12. g3 h6 13. Bg2 f5 14. Kh2 Qf7 15. Nd2
Nc5 16. Qe2 a5 17. b3 Nf6 18. f3 h5 19. h4 f4 20. Rh1 fxg3+ 21. Kxg3 Bh6 22.
Bh3 Ng4 23. Nd1 Qf4+ 24. Kg2 Ne3+ 25. Nxe3 Bxh3+ 26. Rxh3 Qxe3 27. Qxe3 Bxe3
28. Kf1 Nd3 29. Rh2 Nxc1 30. Rxc1 Rxf3+ 31. Ke2 Bxd2 32. Kxd2 b6 33. Rc3 Raf8
34. Rxf3 Rxf3 35. Ke2 Rf4 36. Ke3 Kf7 37. a3 Kf6 38. b4 a4 39. Rh1 Rg4 40. Kf3
Kg7 41. c5 b5 42. Rh2 Rg1 43. cxd6 cxd6 44. Rc2 Ra1 45. Rc7+ Kh6 46. Rc6 Rxa3+
47. Ke2 Rb3 48. Rxd6 Rxb4 49. Ke3 a3 50. Ra6 Ra4 51. Rxa4 bxa4 52. d6 a2 53. d7
a1=Q 54. d8=Q Qd4+ 55. Qxd4 exd4+ 56. Kxd4 a3 0-1

[Event "Plzen, FSB A"]
[Site "?"]
[Date "2001.??.??"]
[Round "6.12"]
[White "Folk, P."]
[Black "Bender, I."]
[Result "1/2-1/2"]
[WhiteElo "2289"]
[BlackElo "2183"]
[PlyCount "95"]
[EventDate "2000.??.??"]
[Source "ChessBase"]
[SourceDate "1996.11.15"]

1. e4 c5 2. Nf3 d6 3. d4 cxd4 4. Nxd4 Nf6 5. Nc3 a6 6. Be2 e5 7. Nb3 Be6 8. Be3
Be7 9. O-O O-O 10. Qd2 Qc7 11. a4 Nbd7 12. Rfd1 Rac8 13. a5 Rfd8 14. Qe1 Qc6
15. Bf3 Bf8 16. Nc1 Qc7 17. Nd3 Qb8 18. Qd2 Rc4 19. b3 Rc7 20. Nb4 Rdc8 21. Na4
Nc5 22. Nxc5 dxc5 23. Nd5 Bxd5 24. exd5 h6 25. c4 Rd7 26. g3 Qc7 27. Bg2 Re8
28. Bh3 Rdd8 29. Qc2 Bd6 30. Qf5 Qe7 31. Re1 g6 32. Qc2 Qf8 33. Re2 Kh7 34.
Rae1 Nh5 35. Bg4 Ng7 36. f4 exf4 37. Bxf4 Bxf4 38. gxf4 f5 39. Bf3 Qd6 40. Re5
Rf8 41. Qc3 Rf7 42. Qe3 Rdd7 43. Kf2 Rc7 44. Re2 Qf6 45. Kg2 Rfd7 46. Kg3 Qd6
47. h4 Qf6 48. Re1 1/2-1/2

[Event "Plzen, FSB A"]
[Site "?"]
[Date "2001.??.??"]
[Round "6.13"]
[White "Eretova, J."]
[Black "Vokac, M."]
[Result "0-1"]
[WhiteElo "2189"]
[BlackElo "2507"]
[PlyCount "72"]
[EventDate "2000.??.??"]
[Source "ChessBase"]
[SourceDate "1996.11.15"]

1. e4 g6 2. d4 c6 3. Nc3 d5 4. Nf3 Bg4 5. Be2 Bg7 6. exd5 cxd5 7. Ne5 Bxe2 8.
Qxe2 e6 9. Qb5+ Nd7 10. Bf4 Qc8 11. O-O Ne7 12. Rfe1 a6 13. Qb4 Nxe5 14. dxe5
Nc6 15. Qa3 b5 16. Nd1 Qc7 17. Qg3 h5 18. h4 Ne7 19. a4 bxa4 20. Qd3 Nf5 21.
Rxa4 O-O 22. c3 Qc6 23. Ra3 Rfc8 24. Ne3 Nxe3 25. Qxe3 Qb5 26. b4 Rc4 27. Rea1
Re4 28. Qf3 Qc4 29. g3 Bxe5 30. Bxe5 Rxe5 31. Ra5 Rc8 32. Rc5 Rxc5 33. bxc5 Kg7
34. Kg2 Qxc5 35. Rxa6 Re1 36. Qd3 Rc1 0-1

[Event "Plzen, FSB A"]
[Site "?"]
[Date "2001.??.??"]
[Round "6.14"]
[White "Neuman, P."]
[Black "Havranek, M."]
[Result "1-0"]
[WhiteElo "2438"]
[BlackElo "2210"]
[PlyCount "53"]
[EventDate "2000.??.??"]
[Source "ChessBase"]
[SourceDate "1996.11.15"]

1. d4 Nf6 2. c4 e6 3. Nc3 Bb4 4. Qc2 O-O 5. Nf3 b6 6. e4 d5 7. e5 Ne4 8. Bd3
Bb7 9. O-O Bxc3 10. bxc3 h6 11. cxd5 exd5 12. Ne1 c5 13. f3 Ng5 14. Be3 cxd4
15. cxd4 Nc6 16. Qd2 Na5 17. Bxg5 Qxg5 18. f4 Qh5 19. Rf3 Nc4 20. Qf2 Kh8 21.
Rh3 Qg4 22. f5 f6 23. Nf3 Qf4 24. Re1 g5 25. g3 Qg4 26. Rxh6+ Kg7 27. h3 1-0

[Event "Plzen, FSB A"]
[Site "?"]
[Date "2001.??.??"]
[Round "6.15"]
[White "Vales, V."]
[Black "Lys, J."]
[Result "0-1"]
[WhiteElo "2159"]
[BlackElo "2353"]
[PlyCount "82"]
[EventDate "2000.??.??"]
[Source "ChessBase"]
[SourceDate "1996.11.15"]

1. d4 f5 2. e4 fxe4 3. Nc3 Nf6 4. Bg5 c6 5. Bxf6 exf6 6. Nxe4 d5 7. Ng3 Bd6 8.
Bd3 O-O 9. c3 Nd7 10. N1e2 Re8 11. O-O Nf8 12. Qd2 Qc7 13. h3 g6 14. f4 Be6 15.
Rf3 f5 16. Nf1 Nd7 17. Ne3 Nf6 18. Raf1 Ne4 19. Bxe4 dxe4 20. R3f2 Bxa2 21. g4
fxg4 22. hxg4 Bf8 23. Rh2 b5 24. Kg2 Bc4 25. Rfh1 Bxe2 26. Qxe2 Qxf4 27. Rxh7
Bg7 28. R7h3 Rf8 29. Qc2 Qf7 30. g5 Rae8 31. Ng4 Qe6 32. Qe2 Rf3 33. Rh4 Ref8
34. Nh6+ Bxh6 35. gxh6 e3 36. Qxf3 Rxf3 37. Kxf3 e2 38. h7+ Kh8 39. Re4 Qf5+
40. Ke3 Qg5+ 41. Kxe2 Qg2+ 0-1

[Event "Plzen, FSB A"]
[Site "?"]
[Date "2001.??.??"]
[Round "6.16"]
[White "Virostko, P."]
[Black "Chrz, P."]
[Result "1-0"]
[WhiteElo "2294"]
[BlackElo "2151"]
[PlyCount "129"]
[EventDate "2000.??.??"]
[Source "ChessBase"]
[SourceDate "1996.11.15"]

1. e4 c5 2. Nf3 e6 3. d4 cxd4 4. Nxd4 Nf6 5. Nc3 Nc6 6. Ndb5 Bb4 7. a3 Bxc3+ 8.
Nxc3 d5 9. exd5 exd5 10. Bd3 d4 11. Ne2 Bg4 12. O-O Qd7 13. f3 Be6 14. Qe1 Ne5
15. Qb4 Nxd3 16. cxd3 Rd8 17. Bd2 Ng8 18. Nf4 Ne7 19. Nxe6 fxe6 20. Bg5 Kf7 21.
Rae1 Rhe8 22. Re4 Nc6 23. Qe1 Rc8 24. Qh4 Kg8 25. Bf6 g6 26. f4 Qf7 27. Rfe1
Ne7 28. Bxd4 Nf5 29. Qf2 Nxd4 30. Qxd4 a6 31. Qb4 Qd7 32. Qb3 Rc6 33. h3 Rd6
34. R1e3 Rd5 35. a4 Kf7 36. Rb4 b5 37. axb5 axb5 38. Rbe4 Qc6 39. Qd1 Rc5 40.
Kh2 Rf5 41. Qe2 Qd6 42. g3 Rc5 43. Re5 Rc1 44. f5 Qc6 45. fxe6+ Rxe6 46. Rf3+
Rf6 47. Re7+ Kg8 48. Re8+ Kg7 49. Qe7+ Kh6 50. Qxf6 Qxe8 51. Qh4+ Kg7 52. Qd4+
Kh6 53. Rf2 Re1 54. Qg4 Qa8 55. Qh4+ Kg7 56. Qf6+ Kg8 57. Qf7+ Kh8 58. Rg2 h5
59. Qxg6 Qa1 60. Qxh5+ Kg7 61. Qg4+ Kh7 62. Qd7+ Kg8 63. Qc8+ Kh7 64. Qb7+ Kg6
65. Rf2 1-0

[Event "Plzen, FSB A"]
[Site "?"]
[Date "2001.??.??"]
[Round "6.17"]
[White "Porat, D."]
[Black "Jirka, J."]
[Result "0-1"]
[WhiteElo "2145"]
[BlackElo "2292"]
[PlyCount "102"]
[EventDate "2000.??.??"]
[Source "ChessBase"]
[SourceDate "1996.11.15"]

1. d4 d5 2. c4 c6 3. Nf3 Nf6 4. e3 a6 5. Bd3 g6 6. O-O Bg7 7. Qb3 O-O 8. Nc3
dxc4 9. Bxc4 b5 10. Be2 c5 11. dxc5 Nc6 12. Rd1 Qc7 13. Nd4 Rb8 14. Nd5 Nxd5
15. Qxd5 Bb7 16. Nxc6 Bxc6 17. Qb3 Qe5 18. Bd2 Qxb2 19. Qxb2 Bxb2 20. Rab1 Ba3
21. Bb4 Bxb4 22. Rxb4 a5 23. Rb2 b4 24. f3 Rfd8 25. Rdb1 Bd5 26. a3 b3 27. e4
Be6 28. Rc1 Rdc8 29. Kf2 a4 30. Ke3 Rc7 31. Kd4 Bd7 32. Ke3 Kg7 33. Kd4 Bc6 34.
Ke3 e5 35. Bc4 Rd8 36. h4 Rd4 37. g4 f5 38. gxf5 gxf5 39. exf5 Rxh4 40. Bd3 Kf6
41. Rg2 Rh5 42. Be4 Bxe4 43. Kxe4 Rh4+ 44. Rg4 Rh2 45. Kd5 Rd2+ 46. Kc4 b2 47.
Rb1 Rc2+ 48. Kd3 R7xc5 49. Rg8 R5c3+ 50. Ke4 Re2+ 51. Kd5 Rd2+ 0-1

[Event "Plzen, FSB A"]
[Site "?"]
[Date "2001.??.??"]
[Round "6.18"]
[White "Seleljo, D."]
[Black "Kukacka, M."]
[Result "1-0"]
[WhiteElo "2273"]
[BlackElo "2123"]
[PlyCount "63"]
[EventDate "2000.??.??"]
[Source "ChessBase"]
[SourceDate "1996.11.15"]

1. d4 d5 2. Nf3 Nc6 3. Bf4 Bf5 4. e3 e6 5. a3 Bd6 6. Bg3 Nge7 7. c4 dxc4 8.
Bxc4 Bxg3 9. hxg3 e5 10. Nxe5 Nxe5 11. dxe5 Qxd1+ 12. Kxd1 Nc6 13. f4 Be4 14.
Nd2 Rd8 15. Rg1 Na5 16. Ba2 Bd5 17. Ke2 g5 18. b4 Nc6 19. Bxd5 Rxd5 20. Ne4 Ke7
21. Nxg5 a5 22. bxa5 Rxa5 23. Rgb1 b5 24. Rc1 Ra6 25. Rab1 Rb8 26. Nxh7 Rbb6
27. Nf6 Ke6 28. Rc3 Na5 29. Ne4 Ra7 30. Nc5+ Ke7 31. f5 Nc4 32. f6+ 1-0

[Event "Plzen, FSB A"]
[Site "?"]
[Date "2001.??.??"]
[Round "6.19"]
[White "Jedlicka, A."]
[Black "Scheidt, K."]
[Result "1-0"]
[WhiteElo "2253"]
[BlackElo "2123"]
[PlyCount "91"]
[EventDate "2000.??.??"]
[Source "ChessBase"]
[SourceDate "1996.11.15"]

1. d4 g6 2. c4 Bg7 3. Nf3 d6 4. e4 Nc6 5. d5 Ne5 6. Nxe5 Bxe5 7. Bd3 Bg7 8. O-O
Nf6 9. Nc3 O-O 10. f3 c6 11. Be3 Re8 12. Qd2 e6 13. dxc6 bxc6 14. Rfd1 d5 15.
Bf1 Bb7 16. e5 Nd7 17. f4 f6 18. cxd5 exd5 19. Ne4 fxe5 20. Nd6 exf4 21. Bf2
Rb8 22. Nxe8 Qxe8 23. Qxf4 Be5 24. Qh4 Bf6 25. Qa4 a6 26. Re1 Qf7 27. Bg3 Rc8
28. Qb4 Nf8 29. Be5 c5 30. Qg4 h5 31. Qg3 Nd7 32. Bxf6 Nxf6 33. Bd3 Ne4 34.
Bxe4 dxe4 35. Rf1 Qe6 36. Rad1 Rc6 37. Qb8+ Bc8 38. Rd8+ Kg7 39. Qa7+ Kh6 40.
Rh8+ Kg5 41. Qg7 Qd6 42. Qh6+ Kh4 43. g3+ Kh3 44. Qg5 Qd4+ 45. Kh1 e3 46. Rxh5+
1-0

[Event "Plzen, FSB A"]
[Site "?"]
[Date "2001.??.??"]
[Round "6.20"]
[White "Plasgura, P."]
[Black "Bujnoch, R."]
[Result "1-0"]
[WhiteElo "2234"]
[BlackElo "2120"]
[PlyCount "87"]
[EventDate "2000.??.??"]
[Source "ChessBase"]
[SourceDate "1996.11.15"]

1. e4 c5 2. Nf3 d6 3. Bc4 Nf6 4. Qe2 Nc6 5. c3 Bg4 6. d3 e6 7. Nbd2 Be7 8. Bb3
Qc7 9. O-O O-O 10. h3 Bh5 11. g4 Bg6 12. Nh4 Nd7 13. Ng2 Na5 14. f4 Nxb3 15.
axb3 f6 16. f5 Bf7 17. c4 e5 18. h4 Nb8 19. Nf3 Nc6 20. Be3 Rfb8 21. Nd2 b5 22.
Rab1 Rb7 23. g5 Rab8 24. Qg4 Be8 25. Rf3 bxc4 26. dxc4 Na5 27. Rbf1 Nxb3 28.
Nxb3 Rxb3 29. h5 Bd8 30. h6 R8b7 31. g6 Qd7 32. Qh5 hxg6 33. fxg6 gxh6 34. Nh4
Qg7 35. Bxh6 Qh8 36. Nf5 Rxf3 37. Rxf3 Rxb2 38. Nxd6 Rb1+ 39. Kf2 Rb2+ 40. Kg3
f5 41. Rxf5 Rb3+ 42. Kg4 Bd7 43. g7 Bxf5+ 44. exf5 1-0

[Event "Plzen, FSB A"]
[Site "?"]
[Date "2001.??.??"]
[Round "6.21"]
[White "Balin, J."]
[Black "Juptner, J."]
[Result "1/2-1/2"]
[WhiteElo "2212"]
[BlackElo "2229"]
[PlyCount "78"]
[EventDate "2000.??.??"]
[Source "ChessBase"]
[SourceDate "1996.11.15"]

1. e4 c5 2. Nc3 Nc6 3. g3 g6 4. Bg2 Bg7 5. Nge2 e5 6. O-O Nge7 7. f4 d6 8. h3
h5 9. d3 Be6 10. Nd5 Qd7 11. c4 Bxd5 12. cxd5 Nd4 13. Nxd4 cxd4 14. b4 f5 15.
h4 O-O 16. a4 Rf7 17. Bd2 Raf8 18. Bh3 Kh7 19. Rc1 Qd8 20. Qc2 Ng8 21. exf5
gxf5 22. Rf2 Nh6 23. Rcf1 Ng4 24. Bxg4 fxg4 25. Qd1 Qd7 26. Qe2 Qf5 27. fxe5
Qxf2+ 28. Rxf2 Rxf2 29. Qxf2 Rxf2 30. Kxf2 Bxe5 31. Bg5 Kg6 32. Bd8 Bf6 33.
Bxf6 Kxf6 34. Ke2 Ke5 35. Kd2 Kxd5 36. Kc2 a5 37. b5 Kc5 38. Kb3 d5 39. Ka3 b6
1/2-1/2

[Event "Plzen, FSB A"]
[Site "?"]
[Date "2001.??.??"]
[Round "6.22"]
[White "Kacmarik, L."]
[Black "Seeger, W."]
[Result "0-1"]
[WhiteElo "2226"]
[BlackElo "2150"]
[PlyCount "100"]
[EventDate "2000.??.??"]
[Source "ChessBase"]
[SourceDate "1996.11.15"]

1. e4 d5 2. exd5 Nf6 3. Bb5+ Bd7 4. Be2 Nxd5 5. d4 Bf5 6. Nf3 e6 7. O-O Be7 8.
c4 Nb6 9. Be3 O-O 10. Nc3 Nc6 11. h3 h6 12. Qd2 Bf6 13. Rfd1 Bh7 14. Rac1 Qd7
15. d5 exd5 16. c5 Bxc3 17. Qxc3 Nc8 18. b4 a6 19. a4 a5 20. b5 Nb4 21. Bc4 c6
22. Ne5 Qe6 23. Bb3 f6 24. Nf3 Ne7 25. Bf4 Qd7 26. b6 Rfe8 27. g4 Ng6 28. Bg3
Nf8 29. Kh2 Ne6 30. h4 Qf7 31. Rd2 Be4 32. Bd6 Qg6 33. Rg1 Rad8 34. Ne1 Qf7 35.
f3 Bh7 36. Nc2 Nxc2 37. Bxc2 Bxc2 38. Rxc2 Rxd6 39. cxd6 Qd7 40. Qxa5 Qxd6+ 41.
Kh1 Nd4 42. Rf2 c5 43. Kg2 Ne2 44. Rh1 Nf4+ 45. Kf1 Qe5 46. Kg1 Nd3 47. Rg2
Qe3+ 48. Kh2 Qf4+ 49. Kh3 Qxf3+ 50. Kh2 Nf4 0-1

[Event "Plzen, FSB A"]
[Site "?"]
[Date "2001.??.??"]
[Round "6.23"]
[White "Tuma, J."]
[Black "Lahner, J."]
[Result "0-1"]
[WhiteElo "1862"]
[BlackElo "2142"]
[PlyCount "104"]
[EventDate "2000.??.??"]
[Source "ChessBase"]
[SourceDate "1996.11.15"]

1. e4 c5 2. Nf3 d6 3. d4 cxd4 4. Nxd4 Nf6 5. Nc3 a6 6. g3 e5 7. Nde2 Be7 8. Bg2
O-O 9. h3 b5 10. g4 b4 11. Nd5 Nxd5 12. Qxd5 Ra7 13. Be3 Be6 14. Qd2 Rb7 15.
O-O Nd7 16. b3 Qb8 17. c4 bxc3 18. Nxc3 Bd8 19. Qe2 a5 20. Rfd1 Bb6 21. Nd5
Bxd5 22. Rxd5 Bxe3 23. Qxe3 a4 24. Qd2 axb3 25. axb3 Nc5 26. Rd1 Nxb3 27. Qe3
Nd4 28. R1xd4 exd4 29. Qxd4 Rb6 30. Kh2 Rc8 31. Kg3 g6 32. h4 Rc5 33. h5 Rxd5
34. exd5 Rb3+ 35. Bf3 Qe8 36. Qc4 Qe5+ 37. Kg2 Rc3 38. Qe4 Qxe4 39. Bxe4 g5 40.
h6 Rc4 41. Kf3 Rc3+ 42. Kg2 Rb3 43. Bf5 Rb4 44. Kf3 Rf4+ 45. Ke3 Kf8 46. f3 Ke7
47. Bxh7 Rf6 48. Bf5 Rxh6 49. Ke4 Rh1 50. Kd4 Kf6 51. Kc4 Ke5 52. Be4 Rd1 0-1

[Event "Plzen, FSB A"]
[Site "?"]
[Date "2001.??.??"]
[Round "6.24"]
[White "Bartos, J."]
[Black "Houskova, M."]
[Result "1-0"]
[WhiteElo "2229"]
[BlackElo "1979"]
[PlyCount "53"]
[EventDate "2000.??.??"]
[Source "ChessBase"]
[SourceDate "1996.11.15"]

1. d4 f5 2. g3 Nf6 3. Bg2 g6 4. c4 Bg7 5. Nc3 O-O 6. Nh3 c6 7. O-O d6 8. d5 e5
9. dxe6 Bxe6 10. Qd3 Nbd7 11. Qxd6 Bxc4 12. Qb4 Nb6 13. Be3 Nfd7 14. Rfd1 a5
15. Qd6 Qb8 16. Qd2 Re8 17. Qc2 Kh8 18. Na4 Nxa4 19. Rxd7 Bb5 20. Ng5 Rxe3 21.
fxe3 b6 22. Ne6 Bf6 23. Rad1 Qe5 24. Qb3 Re8 25. Nf4 Qxe3+ 26. Qxe3 Rxe3 27.
Rf7 1-0

[Event "Plzen, FSB A"]
[Site "?"]
[Date "2001.??.??"]
[Round "6.25"]
[White "Vladyka, V."]
[Black "Kozak, J."]
[Result "1/2-1/2"]
[WhiteElo "2057"]
[BlackElo "2226"]
[PlyCount "120"]
[EventDate "2000.??.??"]
[Source "ChessBase"]
[SourceDate "1996.11.15"]

1. e4 c6 2. d4 d5 3. exd5 cxd5 4. Bd3 Nc6 5. c3 Qc7 6. h3 Nf6 7. Nf3 g6 8. O-O
Bf5 9. Re1 Bxd3 10. Qxd3 Bg7 11. Nbd2 e6 12. b3 O-O 13. Bb2 Rfd8 14. Rac1 a5
15. a3 Qb6 16. Ne5 Nxe5 17. dxe5 Nd7 18. Qd4 Bh6 19. Qxb6 Nxb6 20. Rc2 a4 21.
b4 Bxd2 22. Rxd2 Nc4 23. Rc2 Nxb2 24. Rxb2 Rdc8 25. Re3 Rc4 26. Rd2 Rac8 27.
Rdd3 g5 28. Kf1 Kg7 29. Ke2 Kg6 30. g4 h5 31. f3 hxg4 32. fxg4 Rf4 33. Rd4 Rxd4
34. cxd4 Rc2+ 35. Kd1 Rc4 36. Rd3 f6 37. exf6 Kxf6 38. Kd2 b5 39. Rf3+ Ke7 40.
Kd3 Rc1 41. Kd2 Ra1 42. Kc2 Ra2+ 43. Kd1 Kd6 44. Kc1 Re2 45. Rf8 Re3 46. Rd8+
Ke7 47. Rb8 Rxa3 48. Rxb5 Rd3 49. Rb7+ Kf6 50. Ra7 Rxd4 51. Rxa4 Ke5 52. Kc2
Rf4 53. Kb2 Rf2+ 54. Kb3 Rf3+ 55. Kc2 Rxh3 56. b5 d4 57. b6 Rc3+ 58. Kb2 Rc8
59. b7 Rb8 60. Rb4 Ke4 1/2-1/2

[Event "Plzen, FSB A"]
[Site "?"]
[Date "2001.??.??"]
[Round "6.26"]
[White "Pokrupa, M."]
[Black "Miskovsky, P."]
[Result "1-0"]
[WhiteElo "2075"]
[BlackElo "2209"]
[PlyCount "81"]
[EventDate "2000.??.??"]
[Source "ChessBase"]
[SourceDate "1996.11.15"]

1. e4 e5 2. Nf3 d6 3. d4 Nf6 4. Nc3 Nbd7 5. Bc4 Be7 6. O-O O-O 7. Qe2 c6 8. a4
b6 9. Rd1 Qc7 10. dxe5 dxe5 11. Nh4 Nc5 12. Nf5 Bxf5 13. exf5 a5 14. Bg5 Rfe8
15. Ba2 Ra7 16. Qc4 Bd8 17. Rd2 Qe7 18. Rad1 Bc7 19. Bxf6 Qxf6 20. Ne4 Nxe4 21.
Qxe4 Bb8 22. Rd7 Rxd7 23. Rxd7 Rf8 24. g3 g6 25. fxg6 hxg6 26. Rb7 Kg7 27. Kg2
c5 28. h4 Qd8 29. Qf3 Bc7 30. Qc6 Bb8 31. Qf3 Bc7 32. Qc6 Bb8 33. Qxb6 Qxb6 34.
Rxb6 e4 35. Rc6 Be5 36. Bd5 Bxb2 37. Rxc5 f5 38. Rxa5 Re8 39. Ra7+ Kf6 40. Ra6+
Ke5 41. Bf7 1-0

[Event "Plzen, FSB A"]
[Site "?"]
[Date "2001.??.??"]
[Round "6.27"]
[White "Porat, I."]
[Black "Falout, L."]
[Result "0-1"]
[WhiteElo "2013"]
[BlackElo "2163"]
[PlyCount "74"]
[EventDate "2000.??.??"]
[Source "ChessBase"]
[SourceDate "1996.11.15"]

1. d4 e6 2. c4 Nf6 3. Nf3 b6 4. Nc3 Bb7 5. a3 Be7 6. d5 O-O 7. e4 exd5 8. cxd5
Re8 9. Bd3 Na6 10. O-O Nc5 11. Bc2 d6 12. b4 Ncd7 13. Nd4 a5 14. Nc6 Bxc6 15.
dxc6 Nf8 16. Be3 d5 17. e5 axb4 18. exf6 Bxf6 19. Ne2 Bxa1 20. Qxa1 Rxa3 21.
Qd4 Qd6 22. Ng3 Qxc6 23. Nh5 Ne6 24. Qg4 Qxc2 25. Nf6+ Kf8 26. Qxb4+ c5 27.
Nd7+ Ke7 28. Qxa3 Kxd7 29. Qa7+ Kc6 30. Rc1 Qe4 31. Qxf7 Nd4 32. Rd1 Nf5 33.
Kh1 d4 34. h3 Nd6 35. Qf4 Qxf4 36. Bxf4 Ne4 37. Kg1 Nc3 0-1

[Event "Plzen, FSB A"]
[Site "?"]
[Date "2001.??.??"]
[Round "6.29"]
[White "Kupka, F."]
[Black "Hallerova, E."]
[Result "0-1"]
[WhiteElo "2017"]
[BlackElo "2151"]
[PlyCount "98"]
[EventDate "2000.??.??"]
[Source "ChessBase"]
[SourceDate "1996.11.15"]

1. Nf3 g6 2. d4 Bg7 3. e4 d6 4. Be2 Nf6 5. Nc3 c6 6. a4 a5 7. h3 O-O 8. O-O Na6
9. Be3 Nb4 10. Qd2 Re8 11. Rad1 Qc7 12. Rfe1 Bd7 13. Qc1 Rab8 14. Bf1 b5 15.
axb5 cxb5 16. d5 Nxc2 17. Qxc2 b4 18. Bd4 bxc3 19. Bxc3 Nh5 20. Nd4 e5 21. dxe6
fxe6 22. Qd2 a4 23. Rc1 Qb6 24. Bc4 Kh8 25. Ba2 e5 26. Nc2 Be6 27. Bxe6 Rxe6
28. Ra1 Qb3 29. g3 Rf6 30. Re2 Rbf8 31. Qd1 Bh6 32. Nb4 Qf7 33. Qe1 Rf3 34. Rd1
Bf4 35. Rd3 Bxg3 36. Rxf3 Qxf3 37. fxg3 Nxg3 38. Rg2 Nxe4 39. Qe2 Nxc3 40. Qxf3
Rxf3 41. bxc3 Rxc3 42. Kh2 Rb3 43. Nd5 a3 44. Rc2 Rb2 45. Rxb2 axb2 46. Nc3 Kg7
47. Kg3 Kf6 48. h4 Kf5 49. Kf3 d5 0-1

[Event "Plzen, FSB A"]
[Site "?"]
[Date "2001.??.??"]
[Round "6.30"]
[White "Vaculik, M."]
[Black "Priborsky, I."]
[Result "1-0"]
[WhiteElo "2144"]
[BlackElo "2084"]
[PlyCount "55"]
[EventDate "2000.??.??"]
[Source "ChessBase"]
[SourceDate "1996.11.15"]

1. c4 g6 2. Nc3 Bg7 3. Nf3 d6 4. g3 Nf6 5. Bg2 O-O 6. O-O e5 7. d3 Nc6 8. Rb1
h6 9. b4 Be6 10. Nd2 Qd7 11. b5 Nd8 12. Ba3 Nh5 13. c5 Re8 14. cxd6 cxd6 15.
Nde4 f5 16. Nxd6 Bf8 17. Nxe8 Bxa3 18. Qa4 Bf8 19. b6 Qxa4 20. Nxa4 axb6 21.
Nxb6 Rxa2 22. Nc7 Bf7 23. Rfe1 Nf6 24. Ncd5 Ne8 25. Ra1 Rc2 26. Nd7 Bg7 27. Ra8
Nc6 28. Nc7 1-0

[Event "Plzen, FSB A"]
[Site "?"]
[Date "2001.??.??"]
[Round "7.1"]
[White "Tolstich, N."]
[Black "Cioara, A."]
[Result "1-0"]
[WhiteElo "2436"]
[BlackElo "2403"]
[PlyCount "128"]
[EventDate "2000.??.??"]
[Source "ChessBase"]
[SourceDate "1996.11.15"]

1. d4 Nf6 2. c4 e6 3. g3 d5 4. Nf3 c5 5. Bg2 Nc6 6. cxd5 exd5 7. O-O Be7 8. Nc3
O-O 9. b3 Ne4 10. Bb2 Bf6 11. Na4 cxd4 12. Nxd4 Bd7 13. Rc1 Re8 14. Nc5 Nxd4
15. Bxd4 Bc6 16. e3 Bb5 17. Re1 b6 18. Nxe4 dxe4 19. Bxf6 Qxf6 20. Bxe4 Rxe4
21. Qd5 Rae8 22. Qxb5 R4e5 23. Qd7 h5 24. Rc8 Rxc8 25. Qxc8+ Kh7 26. Qc3 Qf5
27. Rd1 Rc5 28. Qd3 Qxd3 29. Rxd3 Rc2 30. Rd7 Rxa2 31. Rxf7 Kg6 32. Rc7 Kf6 33.
Kg2 g5 34. Rc6+ Kg7 35. h3 Rb2 36. Kf3 Rxb3 37. Rc7+ Kf6 38. Rxa7 Rb2 39. Rb7
b5 40. Rb6+ Kg7 41. e4 b4 42. e5 b3 43. Ke3 Rb1 44. Ke4 Rf1 45. Rxb3 Rxf2 46.
Rf3 Rg2 47. Kf5 h4 48. g4 Rg3 49. Ke4 Rg1 50. e6 Ra1 51. e7 Ra4+ 52. Ke3 Ra3+
53. Kf2 Ra2+ 54. Ke1 Ra1+ 55. Kd2 Ra2+ 56. Kd3 Ra3+ 57. Kd4 Ra4+ 58. Kc5 Ra5+
59. Kb4 Re5 60. Rf5 Rxe7 61. Rxg5+ Kf6 62. Rf5+ Kg6 63. Rh5 Re1 64. Rxh4 Rc1
1-0

[Event "Plzen, FSB A"]
[Site "?"]
[Date "2001.??.??"]
[Round "7.2"]
[White "Trickov, V."]
[Black "Simacek, P."]
[Result "1/2-1/2"]
[WhiteElo "2313"]
[BlackElo "2404"]
[PlyCount "24"]
[EventDate "2000.??.??"]
[Source "ChessBase"]
[SourceDate "1996.11.15"]

1. e4 e5 2. Nf3 Nc6 3. Bb5 a6 4. Ba4 Nf6 5. Bxc6 dxc6 6. d3 Bd6 7. b3 Qe7 8.
Bb2 Nh5 9. g3 Bh3 10. Nbd2 g6 11. Qe2 O-O-O 12. O-O-O Ba3 1/2-1/2

[Event "Plzen, FSB A"]
[Site "?"]
[Date "2001.??.??"]
[Round "7.3"]
[White "Gross, D."]
[Black "Dolezal, R."]
[Result "1-0"]
[WhiteElo "2465"]
[BlackElo "2390"]
[PlyCount "33"]
[EventDate "2000.??.??"]
[Source "ChessBase"]
[SourceDate "1996.11.15"]

1. e4 g6 2. d4 Bg7 3. Nc3 d6 4. f4 c6 5. Nf3 Bg4 6. Be3 Qb6 7. Qd2 Nf6 8. Be2
d5 9. e5 Nfd7 10. O-O-O Qa5 11. Ng5 Bxe2 12. Qxe2 e6 13. f5 Nf8 14. fxe6 fxe6
15. Rhf1 Nbd7 16. Nf7 Qa6 17. Bg5 1-0

[Event "Plzen, FSB A"]
[Site "?"]
[Date "2001.??.??"]
[Round "7.4"]
[White "Hrbolka jr., L."]
[Black "Lechtynsky, J."]
[Result "1/2-1/2"]
[WhiteElo "2197"]
[BlackElo "2422"]
[PlyCount "83"]
[EventDate "2000.??.??"]
[Source "ChessBase"]
[SourceDate "1996.11.15"]

1. e4 c6 2. d4 d5 3. Nc3 dxe4 4. Nxe4 Nf6 5. Nxf6+ exf6 6. c3 Bd6 7. Bd3 O-O 8.
Ne2 Re8 9. Qc2 h6 10. Be3 Nd7 11. O-O-O Nf8 12. Kb1 Be6 13. h4 Qd7 14. Bc1 b5
15. f3 f5 16. f4 h5 17. Rhe1 g6 18. Ng1 Bd5 19. b3 Rxe1 20. Rxe1 Rb8 21. Ka1
Re8 22. Rxe8 Qxe8 23. Qf2 Qe6 24. g3 Nd7 25. Qe2 Nb6 26. Kb2 a6 27. Nf3 Qxe2+
28. Bxe2 c5 29. Be3 c4 30. Bf2 Kf8 31. Nd2 Ke7 32. Nf1 Be6 33. Ne3 Nd5 34.
Nxd5+ Bxd5 35. a4 Kd7 36. axb5 axb5 37. b4 Be4 38. Kc1 Kc6 39. Kd2 Kd5 40. Ke3
f6 41. Be1 Ke6 42. Bf3 1/2-1/2

[Event "Plzen, FSB A"]
[Site "?"]
[Date "2001.??.??"]
[Round "7.5"]
[White "Cvek, R."]
[Black "Gross, S."]
[Result "1/2-1/2"]
[WhiteElo "2411"]
[BlackElo "2391"]
[PlyCount "67"]
[EventDate "2000.??.??"]
[Source "ChessBase"]
[SourceDate "1996.11.15"]

1. c4 e5 2. Nc3 Nf6 3. a3 g6 4. g3 Bg7 5. Bg2 O-O 6. d3 d6 7. Nf3 a5 8. O-O Nc6
9. Bg5 h6 10. Bxf6 Qxf6 11. Nd2 Qd8 12. Rb1 Be6 13. b4 axb4 14. axb4 e4 15. b5
Ne7 16. Qc2 exd3 17. Qxd3 c6 18. bxc6 bxc6 19. Rfd1 d5 20. cxd5 cxd5 21. Nb3
Bf5 22. e4 dxe4 23. Bxe4 Qxd3 24. Rxd3 Ra3 25. Bxf5 Nxf5 26. Nb5 Ra2 27. Rbd1
Rb2 28. N3d4 Nxd4 29. Nxd4 Ra8 30. Nf3 Raa2 31. R3d2 Bc3 32. Rxb2 Rxb2 33. h4
Ba5 34. Kg2 1/2-1/2

[Event "Plzen, FSB A"]
[Site "?"]
[Date "2001.??.??"]
[Round "7.6"]
[White "Vesselovsky, S."]
[Black "Porat, S."]
[Result "1/2-1/2"]
[WhiteElo "2405"]
[BlackElo "2230"]
[PlyCount "97"]
[EventDate "2000.??.??"]
[Source "ChessBase"]
[SourceDate "1996.11.15"]

1. e4 c5 2. Ne2 d6 3. g3 g6 4. Bg2 Bg7 5. c3 Nc6 6. d4 cxd4 7. cxd4 Nf6 8. Nbc3
O-O 9. h3 Bd7 10. Be3 e6 11. O-O d5 12. e5 Ne8 13. Qd2 f6 14. f4 f5 15. Kh2 Rc8
16. Nxd5 exd5 17. Bxd5+ Kh8 18. e6 Nf6 19. exd7 Qxd7 20. Bf3 Ne7 21. Nc3 Ned5
22. Nxd5 Nxd5 23. Bf2 h5 24. Rac1 h4 25. gxh4 Qd6 26. Bg3 b6 27. Rxc8 Rxc8 28.
Rc1 Rxc1 29. Qxc1 Bxd4 30. h5 Kg7 31. hxg6 Be3 32. Qe1 Bxf4 33. Bxd5 Bxg3+ 34.
Qxg3 Qxd5 35. a3 Qd2+ 36. Qg2 Qd6+ 37. Kg1 Qd1+ 38. Qf1 Qd4+ 39. Qf2 Qd1+ 40.
Kg2 Kxg6 41. Qg3+ Kf6 42. Qc3+ Kg6 43. Qe5 Qd2+ 44. Kg3 Qd3+ 45. Kg2 Qd2+ 46.
Kf3 Qd3+ 47. Qe3 Qd1+ 48. Kg3 Qd6+ 49. Kf3 1/2-1/2